000 01306nam a2200373 4500
001 13906
003 http://catalogue.bnf.fr/ark:/12148/cb48553719j
005 20250827144139.0
010 _a9782330200725
_d19,80 EUR
073 0 _a9782330200725
090 _a13906
099 _o0
100 _a20250716d m y0frey50 ba
101 0 _afre
102 _aFR
105 _a||||z 00|||
181 0 _601
_ai
_bxxxe
181 _602
_ctxt
_2rdacontent
182 0 _601
_an
182 _602
_cn
_2rdamedia
200 1 _aLéa ou la théorie des systèmes complexes
_bLIVR
214 0 _cActes sud
_dDL 2025
214 3 _cImpr. CORLET IMPRIMEUR
214 0 _aArles
214 3 _a14-CONDÉ EN NORMANDIE
215 _a1 vol. (280 p.)
215 _d19 cm
225 1 _aACTES SUD-PAPIERS
330 _aUne bombe détruit le siège luxembourgeois de Koch Industries plus grosse entreprise pétrolière non cotée des États-Unis. Les raisons de cette violence sont alors déployées et l on suit l évolution de Léa, militante écologiste, face à l effondrement climatique en cours.
610 _aEcologie
700 _aDe Toffoli
_bIan
700 _cAuteur du texte
801 0 _aFR
_bFR-751131015
_c20250716
_gAFNOR
_hFRBNF485537190000004
856 2 _u1090668
_bPremière de couverture